[Event "BRA-ch Amateurs U2300"]
[Site "Sao Paulo"]
[Date "2024.06.02"]
[Round "7"]
[White "Ferreira de Souza, Ricardo"]
[Black "Serra, Kelvin Ribeiro"]
[Result "0-1"]
[WhiteElo "1593"]
[BlackElo "1842"]
[PlyCount "100"]
[EventDate "2024.05.30"]
[EventType "swiss"]
[EventRounds "7"]
[EventCountry "BRA"]
[SourceTitle "CB23_2024"]
[SourceDate "2024.06.05"]
[SourceVersion "1"]
[SourceVersionDate "2024.06.05"]
[SourceQuality "1"]

1. e4 c5 2. Nf3 g6 3. d4 cxd4 4. Nxd4 Bg7 5. c4 Nc6 6. Be3 d6 7. Nc3 Nf6 8. f3 0-0 9. Qd2 Nxd4 10. Bxd4 Be6 11. 0-0-0 Qa5 12. Kb1 Rfc8 13. b3 a6 14. Nd5 Qxd2 15. Rxd2 Bxd5 16. exd5 Nd7 17. Bxg7 Kxg7 18. Bd3 Nc5 19. Bc2 b5 20. cxb5 axb5 21. Re2 Rc7 22. Rhe1 Kf6 23. f4 Rca7 24. g4 Rxa2 25. g5+ Kg7 26. Rxe7 Ra1+ 27. Kb2 R8a2+ 28. Kc3 b4+ 29. Kxb4 Rxe1 30. Rxe1 Rxc2 31. Rh1 Rb2 32. Kb5 Rxb3+ 33. Kc6 Ne4 34. h4 Rf3 35. h5 gxh5 36. Rh4 Kg6 37. Kd7 Kf5 38. Rxh5 Kxf4 39. Rh4+ Ke5 40. Rxh7 Kxd5 41. Rh5 Rf5 42. Rh7 Nxg5 43. Rh6 Ne4 44. Ke7 Ke5 45. Rh1 d5 46. Kd7 d4 47. Rh3 d3 48. Ke7 d2 49. Rd3 Rf1 50. Rd6 Nxd6 0-1

[Event "BRA-ch Amateurs U2300"]
[Site "Sao Paulo"]
[Date "2024.05.31"]
[Round "4"]
[White "De Souza Monteiro, Marcos Paulo"]
[Black "Ferreira de Souza, Ricardo"]
[Result "1-0"]
[WhiteElo "1935"]
[BlackElo "1593"]
[PlyCount "63"]
[EventDate "2024.05.30"]
[EventType "swiss"]
[EventRounds "7"]
[EventCountry "BRA"]
[SourceTitle "CB23_2024"]
[SourceDate "2024.06.05"]
[SourceVersion "1"]
[SourceVersionDate "2024.06.05"]
[SourceQuality "1"]

1. d4 d5 2. c4 e6 3. a3 Nc6 4. Nc3 Bd6 5. Nf3 Nge7 6. cxd5 exd5 7. Bg5 Be6 8. e3 a6 9. Rc1 h6 10. Bh4 Qd7 11. Bd3 Nf5 12. Qc2 g5 13. Bg3 g4 14. Nh4 Nxh4 15. Bxh4 f5 16. Ne2 Ne7 17. Bxe7 Qxe7 18. Bxf5 Rf8 19. Bg6+ Kd7 20. 0-0 Qh4 21. g3 Qh3 22. Nf4 Bxf4 23. exf4 c6 24. Rfe1 Rf6 25. Re5 Rxg6 26. Qxg6 Re8 27. Rh5 Rg8 28. Qh7+ Kc8 29. Rxh3 gxh3 30. Re1 Re8 31. f5 Bd7 32. Rxe8+ 1-0

[Event "Sao Paulo Pascoa op"]
[Site "Sao Paulo"]
[Date "2024.03.30"]
[Round "3"]
[White "Ferreira de Souza, Ricardo"]
[Black "Ruvieri, Valter"]
[Result "0-1"]
[WhiteElo "1611"]
[BlackElo "1414"]
[PlyCount "86"]
[EventDate "2024.03.29"]
[EventType "swiss"]
[EventRounds "6"]
[EventCountry "BRA"]
[SourceTitle "CB14_2024"]
[SourceDate "2024.04.01"]
[SourceVersion "1"]
[SourceVersionDate "2024.04.01"]
[SourceQuality "1"]

1. c4 Nf6 2. Nf3 d5 3. e3 c5 4. b3 Bg4 5. Nc3 d4 6. exd4 cxd4 7. Nb5 Nc6 8. h3 Bh5 9. g4 Bg6 10. Bb2 Nb4 11. Ne5 Nc2+ 12. Ke2 d3+ 13. Kf3 Be4+ 14. Kg3 Bxh1 15. Bxd3 Nxa1 16. Qxh1 a6 17. Nd4 Nxb3 18. axb3 Qc7 19. f4 Nd7 20. Ndf3 Nxe5 21. Nxe5 f6 22. Nf3 Rd8 23. Nd4 e5 24. Qe4 Bc5 25. Ne6 Rxd3+ 26. Qxd3 exf4+ 27. Nxf4 Bf2+ 28. Kf3 Bh4 29. Qe4+ Qe7 30. Ne6 Kf7 31. Nd4 Qxe4+ 32. Kxe4 Re8+ 33. Kd5 Re5+ 34. Kd6 Bg3 35. Nf5 Rxf5+ 36. Kd7 Rc5 37. d4 Rc7+ 38. Kd8 Re7 39. Ba3 Re8+ 40. Kd7 Re3 41. Bd6 Bxd6 42. Kxd6 Rxb3 43. Kc7 Rb4 0-1

[Event "Sao Paulo Pascoa op"]
[Site "Sao Paulo"]
[Date "2024.03.29"]
[Round "1"]
[White "Ferreira de Souza, Ricardo"]
[Black "Miragaia, Pedro Maddi Damian"]
[Result "0-1"]
[WhiteElo "1611"]
[BlackElo "1850"]
[PlyCount "89"]
[EventDate "2024.03.29"]
[EventType "swiss"]
[EventRounds "6"]
[EventCountry "BRA"]
[SourceTitle "CB14_2024"]
[SourceDate "2024.04.01"]
[SourceVersion "1"]
[SourceVersionDate "2024.04.01"]
[SourceQuality "1"]

1. e4 c5 2. d3 Nc6 3. Nf3 d6 4. c4 g6 5. Nc3 Bg7 6. Bd2 Bg4 7. Be2 Nf6 8. 0-0 0-0 9. h3 Bxf3 10. Bxf3 Nd4 11. Rc1 Nd7 12. b3 a6 13. Bg4 Ne5 14. Bf4 h5 15. Bxe5 dxe5 16. Bxh5 gxh5 17. Qxh5 e6 18. f4 Qf6 19. f5 Qh6 20. Qg4 Kh7 21. Ne2 Qe3+ 22. Kh2 Qxe2 23. Qh4+ Bh6 24. Rce1 Qd2 25. Rd1 Qg5 26. Qf2 Rg8 27. g4 Qf4+ 28. Kg2 Qxf2+ 29. Rxf2 Bf4 30. f6 Rg6 31. Rxf4 exf4 32. e5 Rg5 33. Re1 f3+ 34. Kg1 Ne2+ 35. Kf2 Rxe5 36. Kxf3 Nd4+ 37. Kf2 Rxe1 38. Kxe1 Kg6 39. Kf2 Rh8 40. Kg3 Kxf6 41. h4 e5 42. g5+ Kf5 43. Kh3 Kf4 44. a3 Nxb3 45. a4 0-1

[Event "Florianopolis op 10th"]
[Site "Florianopolis"]
[Date "2024.01.22"]
[Round "4"]
[White "Ferreira de Souza, Ricardo"]
[Black "Pereira, Armando Scharlau"]
[Result "0-1"]
[WhiteElo "1329"]
[BlackElo "1618"]
[PlyCount "78"]
[EventDate "2024.01.20"]
[EventType "swiss"]
[EventRounds "10"]
[EventCountry "BRA"]
[SourceTitle "CB05_2024"]
[SourceDate "2024.01.31"]
[SourceVersion "1"]
[SourceVersionDate "2024.01.31"]
[SourceQuality "1"]

1. e4 e6 2. d4 d5 3. e5 c5 4. c3 Qb6 5. Nf3 Nc6 6. Qb3 Qc7 7. Be3 c4 8. Qc2 Bd7 9. Nbd2 h6 10. Be2 Be7 11. 0-0 g5 12. Rac1 Rc8 13. b3 cxb3 14. axb3 h5 15. Bxg5 Bxg5 16. Nxg5 Nxd4 17. Qd1 Nxe2+ 18. Qxe2 Ne7 19. c4 Nf5 20. cxd5 Qxc1 21. Rxc1 Rxc1+ 22. Nf1 Nd4 23. Qa2 Bb5 24. h4 Rxf1+ 25. Kh2 Nf5 26. dxe6 fxe6 27. Nxe6 Bc6 28. Qd2 Bd7 29. Nc7+ Kd8 30. e6 Rh7 31. Qg5+ Ne7 32. exd7 Kxc7 33. Qc5+ Kd8 34. Qb5 Rd1 35. Qxb7 Rxd7 36. Qa8+ Nc8 37. Qe4 Nd6 38. Qa8+ Nc8 39. f3 Rb7 0-1

[Event "Caioba op 7th"]
[Site "Caioba"]
[Date "2023.06.19"]
[Round "2"]
[White "Kaneda, Eric Kazuichi"]
[Black "Ferreira de Souza, Ricardo"]
[Result "1-0"]
[WhiteElo "1802"]
[BlackElo "1374"]
[PlyCount "85"]
[EventDate "2023.06.18"]
[EventType "swiss"]
[EventRounds "9"]
[EventCountry "BRA"]
[SourceTitle "CBM 214 Extra"]
[Source "ChessBase"]
[SourceDate "2023.07.31"]
[SourceVersion "1"]
[SourceVersionDate "2023.07.31"]
[SourceQuality "1"]

1. e4 c5 2. Nf3 d6 3. Be2 Nf6 4. Nc3 Nc6 5. 0-0 e5 6. h3 Be6 7. d3 Nd4 8. Ng5 Bd7 9. f4 h6 10. fxe5 dxe5 11. Nf3 Bd6 12. Nd5 Nxd5 13. exd5 f5 14. Nxd4 cxd4 15. Bh5+ Ke7 16. Bg6 Qf8 17. Qh5 f4 18. c3 Be8 19. cxd4 Bxg6 20. Qxg6 Qf6 21. Qe4 g5 22. Re1 Bb4 23. Re2 Rae8 24. dxe5 Qb6+ 25. d4 Kd8 26. Bd2 Bd6 27. Kh1 h5 28. Qg6 Be7 29. Qxb6+ axb6 30. Rae1 Kd7 31. d6 Bd8 32. Bb4 g4 33. e6+ Kc6 34. Re5 b5 35. Rc1+ Kb6 36. d7 Reg8 37. e7 Bxe7 38. Bxe7 gxh3 39. gxh3 Rg3 40. d8Q+ Rxd8 41. Bxd8+ Ka6 42. Rc3 f3 43. Ra3# 1-0

[Event "Caioba op 7th"]
[Site "Caioba"]
[Date "2023.06.18"]
[Round "1"]
[White "Ferreira de Souza, Ricardo"]
[Black "Pereira, Silvio Cunha"]
[Result "0-1"]
[WhiteElo "1374"]
[BlackElo "2123"]
[PlyCount "64"]
[EventDate "2023.06.18"]
[EventType "swiss"]
[EventRounds "9"]
[EventCountry "BRA"]
[SourceTitle "CBM 214 Extra"]
[Source "ChessBase"]
[SourceDate "2023.07.31"]
[SourceVersion "1"]
[SourceVersionDate "2023.07.31"]
[SourceQuality "1"]

1. d4 Nf6 2. c4 g6 3. Nc3 Bg7 4. e4 0-0 5. Be3 d6 6. Nf3 Ng4 7. Bd2 c5 8. d5 e6 9. Be2 exd5 10. Nxd5 Bxb2 11. Rb1 Bg7 12. Ng5 Nf6 13. Bf4 h6 14. Nf3 Nxe4 15. Qc1 Kh7 16. h4 Nc6 17. Ng5+ hxg5 18. hxg5+ Kg8 19. Bd3 Re8 20. Kf1 Nb4 21. Nxb4 cxb4 22. Rxb4 Qa5 23. a3 Bf5 24. f3 Ng3+ 25. Bxg3 Bxd3+ 26. Kg1 Bd4+ 27. Bf2 Bxf2+ 28. Kxf2 Re2+ 29. Kg3 Qe5+ 30. Kh3 Kg7 31. c5 Bf5+ 32. Rg4 Rh8# 0-1

[Event "Florianopolis op 9th"]
[Site "Florianopolis"]
[Date "2023.01.27"]
[Round "7"]
[White "Ferreira de Souza, Ricardo"]
[Black "Motta, Agahta dos Santos"]
[Result "1-0"]
[WhiteElo "1365"]
[BlackElo "1704"]
[PlyCount "45"]
[EventDate "2023.01.23"]
[EventType "swiss"]
[EventRounds "10"]
[EventCountry "BRA"]
[SourceTitle "CBM 212 Extra"]
[Source "ChessBase"]
[SourceDate "2023.03.31"]
[SourceVersion "1"]
[SourceVersionDate "2023.03.31"]
[SourceQuality "1"]

1. e4 c5 2. Nf3 g6 3. d4 cxd4 4. Nxd4 Bg7 5. Be3 Nc6 6. Nc3 Nf6 7. Bb5 0-0 8. Qd2 d5 9. Bh6 Nxd4 10. Bxg7 Nxb5 11. Bxf8 Nxc3 12. Qxc3 Qxf8 13. e5 Ne4 14. Qd4 h5 15. Qxd5 Bf5 16. f3 e6 17. Qd4 Rd8 18. Qxa7 Qb4+ 19. Ke2 Qd2+ 20. Kf1 Nc5 21. Qxc5 Bxc2 22. Qf2 Bd3+ 23. Kg1 1-0

[Event "Taubate op 3rd"]
[Site "Taubate"]
[Date "2022.12.04"]
[Round "6"]
[White "Ferreira de Souza, Ricardo"]
[Black "Shukair, Said Nahi"]
[Result "1-0"]
[WhiteElo "1382"]
[BlackElo "1800"]
[PlyCount "57"]
[EventDate "2022.12.01"]
[EventType "swiss"]
[EventRounds "6"]
[EventCountry "BRA"]
[SourceTitle "CBM 211 Extra"]
[Source "ChessBase"]
[SourceDate "2023.01.31"]
[SourceVersion "1"]
[SourceVersionDate "2023.01.31"]
[SourceQuality "1"]

1. e4 c5 2. Nf3 d6 3. Bc4 Nf6 4. d3 a6 5. 0-0 e6 6. Re1 Be7 7. e5 dxe5 8. Nxe5 0-0 9. Nc3 b5 10. Bb3 Bb7 11. a4 b4 12. Ne4 Nxe4 13. dxe4 Bxe4 14. Qg4 Bf5 15. Qg3 Qc7 16. Bf4 Bd6 17. Bh6 Bg6 18. Bf4 Nc6 19. Nxg6 e5 20. Nxe5 Rae8 21. Nd3 Bxf4 22. Qxf4 Qc8 23. Nxc5 Na5 24. Rxe8 Qxe8 25. Nxa6 Nxb3 26. cxb3 h5 27. Nxb4 Qe6 28. Qc4 Qd6 29. Nc2 1-0

[Event "Pan American-ch Seniors 50"]
[Site "Florianopolis"]
[Date "2022.06.25"]
[Round "7"]
[White "Ferreira de Souza, Ricardo"]
[Black "Mobaier, Sergio"]
[Result "0-1"]
[WhiteElo "1389"]
[BlackElo "1806"]
[PlyCount "79"]
[EventDate "2022.06.21"]
[EventType "swiss"]
[EventRounds "9"]
[EventCountry "BRA"]
[SourceTitle "CBM 209 Extra"]
[Source "ChessBase"]
[SourceDate "2022.09.30"]
[SourceVersion "1"]
[SourceVersionDate "2022.09.30"]
[SourceQuality "1"]

1. e4 c5 2. Nf3 e6 3. c4 a6 4. Nc3 Qc7 5. d4 cxd4 6. Nxd4 b6 7. b3 Bb7 8. Bd3 Nf6 9. Qc2 d6 10. Bg5 Nbd7 11. 0-0 Rc8 12. Qe2 Be7 13. Be3 Nc5 14. f3 Nxd3 15. Qxd3 0-0 16. Rac1 Qb8 17. Nce2 Bd8 18. Ng3 Bc7 19. Qd2 Rfe8 20. Bg5 Nd7 21. Nh5 f6 22. Bh6 Re7 23. Nxg7 Rxg7 24. Bxg7 Kxg7 25. Nxe6+ Kf7 26. Nd4 Rg8 27. Qh6 Nf8 28. Nf5 Rg6 29. Qh5 Ke6 30. Qh3 Kf7 31. Qh5 Ke6 32. Nh4 Rg7 33. f4 Kd7 34. Qf5+ Ke7 35. Rfe1 Bc8 36. Qh5 Rg8 37. Nf5+ Kd8 38. Qh4 Rg6 39. Rc3 Qb7 40. h3 0-1

[Event "Pocos de Caldas op"]
[Site "Pocos de Caldas"]
[Date "2022.03.11"]
[Round "1"]
[White "Ferreira de Souza, Ricardo"]
[Black "Tamarozi, Isabelle"]
[Result "0-1"]
[WhiteElo "1393"]
[BlackElo "1971"]
[PlyCount "92"]
[EventDate "2022.03.11"]
[EventType "swiss"]
[EventRounds "6"]
[EventCountry "BRA"]
[SourceTitle "CBM 207 Extra"]
[Source "ChessBase"]
[SourceDate "2022.05.31"]
[SourceVersion "1"]
[SourceVersionDate "2022.05.31"]
[SourceQuality "1"]

1. e4 c5 2. Nf3 Nc6 3. Bb5 g6 4. 0-0 Bg7 5. Bxc6 bxc6 6. c4 e5 7. Nc3 Ne7 8. d3 d6 9. Ng5 h6 10. Nf3 0-0 11. Be3 f5 12. exf5 Nxf5 13. Bd2 Qe8 14. Re1 Qf7 15. b3 Nd4 16. Rb1 Bg4 17. Re3 Bxf3 18. Rxf3 Nxf3+ 19. gxf3 Qxf3 20. Qxf3 Rxf3 21. Be3 Bf8 22. Ne4 d5 23. Ng3 d4 24. Kg2 Rxg3+ 25. hxg3 dxe3 26. fxe3 Rd8 27. Rf1 Rxd3 28. Rf6 Rxe3 29. Rxg6+ Kf7 30. Rxc6 Re2+ 31. Kf3 Rxa2 32. Ke4 Re2+ 33. Kf3 Rb2 34. Rc7+ Ke6 35. Rxa7 Rxb3+ 36. Kg2 Rb4 37. Ra6+ Bd6 38. Ra8 Rxc4 39. Rh8 e4 40. Rxh6+ Kd5 41. Rh5+ Be5 42. g4 Rc2+ 43. Kf1 e3 44. Ke1 Ke4 45. g5 Bg3+ 46. Kd1 Kd3 0-1

[Event "Florianopolis op 6th"]
[Site "Florianopolis"]
[Date "2020.01.26"]
[Round "10"]
[White "Ferreira de Souza, Ricardo"]
[Black "Almeida, Bianca Martins"]
[Result "0-1"]
[WhiteElo "1420"]
[BlackElo "1175"]
[PlyCount "146"]
[EventDate "2020.01.20"]
[EventType "swiss"]
[EventRounds "10"]
[EventCountry "BRA"]
[SourceTitle "CBM 194 Extra"]
[Source "ChessBase"]
[SourceDate "2020.03.31"]
[SourceVersion "1"]
[SourceVersionDate "2020.03.31"]
[SourceQuality "1"]

1. e4 e5 2. Nf3 Nc6 3. Bc4 Be7 4. 0-0 Nf6 5. Re1 d5 6. exd5 Nxd5 7. Nxe5 Nxe5 8. Rxe5 Nf4 9. d4 Ne6 10. d5 0-0 11. Nc3 Bf6 12. Rh5 Nd4 13. Be3 Nf5 14. Qd3 g6 15. Rh3 Bxc3 16. Qxc3 Nxe3 17. Rxe3 Bf5 18. Rae1 Qd6 19. Re7 a6 20. Bb3 Rac8 21. h4 b6 22. Qf3 Bd7 23. h5 Rce8 24. Rxe8 Rxe8 25. Rxe8+ Bxe8 26. h6 Bd7 27. Qe3 f6 28. Qd3 Bb5 29. Bc4 Bxc4 30. Qxc4 a5 31. Qe4 Kf7 32. c4 a4 33. a3 Qe5 34. Qc2 Qe8 35. Qd2 Qe5 36. g3 f5 37. f4 Qe4 38. d6 cxd6 39. Qxd6 Qb1+ 40. Kf2 Qxb2+ 41. Ke3 Qc3+ 42. Qd3 Qxd3+ 43. Kxd3 Ke6 44. Kc3 Kd6 45. Kb4 Kc6 46. Kxa4 Kc5 47. Kb3 Kd4 48. a4 Ke4 49. c5 bxc5 50. a5 Kd3 51. a6 c4+ 52. Kb2 Kd2 53. a7 c3+ 54. Kb3 c2 55. a8Q c1Q 56. Qd5+ Ke2 57. Qc4+ Qxc4+ 58. Kxc4 Kf3 59. Kd5 Kg4 60. Ke6 Kh5 61. Kf7 Kxh6 62. Kf6 Kh5 63. Kg7 h6 64. Kf6 Kg4 65. Kxg6 h5 66. Kf6 Kxg3 67. Kxf5 h4 68. Kg5 h3 69. f5 h2 70. f6 h1Q 71. Kg6 Qh8 72. f7 Qf8 73. Kf6 Kh4 0-1

[Event "Florianopolis op 6th"]
[Site "Florianopolis"]
[Date "2020.01.23"]
[Round "6"]
[White "Asth, Antonio Luiz Braga"]
[Black "Ferreira de Souza, Ricardo"]
[Result "1-0"]
[WhiteElo "1852"]
[BlackElo "1420"]
[PlyCount "103"]
[EventDate "2020.01.20"]
[EventType "swiss"]
[EventRounds "10"]
[EventCountry "BRA"]
[SourceTitle "CBM 194 Extra"]
[Source "ChessBase"]
[SourceDate "2020.03.31"]
[SourceVersion "1"]
[SourceVersionDate "2020.03.31"]
[SourceQuality "1"]

1. e4 c5 2. Nf3 d6 3. d4 cxd4 4. Nxd4 a6 5. Nc3 e5 6. Nb3 Nc6 7. Be2 Nf6 8. Be3 Bd7 9. 0-0 Be7 10. a3 0-0 11. Kh1 Qc8 12. Bb6 Bd8 13. Be3 Ng4 14. Qxd6 Nxe3 15. fxe3 Be7 16. Qd2 Rd8 17. Qe1 Be6 18. Qf2 Bxb3 19. cxb3 f6 20. b4 b5 21. Nd5 Rd6 22. Nb6 Qb7 23. Nxa8 Qxa8 24. Rfd1 Nd8 25. Rxd6 Bxd6 26. Rd1 Qc6 27. Bd3 Ne6 28. Qc2 Qb6 29. Qc8+ Kf7 30. Qd7+ Be7 31. Bb1 Qxe3 32. Ba2 Qb6 33. Rc1 Qd6 34. Qxd6 Bxd6 35. Rc6 Ke7 36. Bxe6 Kxe6 37. Rxa6 g6 38. Rb6 f5 39. exf5+ gxf5 40. Kg1 Kd5 41. g3 h5 42. Kf2 e4 43. h3 Be5 44. Rxb5+ Kd4 45. Rc5 h4 46. gxh4 e3+ 47. Ke2 f4 48. Rc4+ Kd5 49. Kf3 Bd4 50. h5 Ke5 51. a4 Bxb2 52. a5 1-0

[Event "Florianopolis op 6th"]
[Site "Florianopolis"]
[Date "2020.01.23"]
[Round "5"]
[White "Ferreira de Souza, Ricardo"]
[Black "Maia, Renata Rodrigues Al"]
[Result "1-0"]
[WhiteElo "1420"]
[BlackElo "1221"]
[PlyCount "57"]
[EventDate "2020.01.20"]
[EventType "swiss"]
[EventRounds "10"]
[EventCountry "BRA"]
[SourceTitle "CBM 194 Extra"]
[Source "ChessBase"]
[SourceDate "2020.03.31"]
[SourceVersion "1"]
[SourceVersionDate "2020.03.31"]
[SourceQuality "1"]

1. h4 e5 2. a4 d5 3. Rh3 Bxh3 4. Nxh3 Nf6 5. Ra3 Bxa3 6. Nxa3 c5 7. b3 Nc6 8. e3 a6 9. g4 h6 10. Bb2 Qd7 11. d4 cxd4 12. exd4 e4 13. c4 0-0-0 14. Nf4 Nxg4 15. cxd5 Qf5 16. Bc1 g5 17. Bh3 Qf6 18. Qxg4+ Kb8 19. Nh5 Qe7 20. dxc6 bxc6 21. Nc4 c5 22. d5 Rhe8 23. Na5 Qc7 24. Nc6+ Qxc6 25. dxc6 Rd1+ 26. Qxd1 f5 27. hxg5 hxg5 28. Bxg5 Rg8 29. Bf4+ 1-0

[Event "Sao Bernardo do Campo LXSBC Classico 3a"]
[Site "Sao Bernardo do Campo"]
[Date "2016.09.24"]
[Round "3.11"]
[White "Ferreira de Souza, Ricardo"]
[Black "Carneiro Filho, Vicente"]
[Result "1-0"]
[WhiteElo "1411"]
[BlackElo "1452"]
[PlyCount "27"]
[EventDate "2016.09.23"]
[EventType "swiss"]
[EventRounds "6"]
[EventCountry "BRA"]
[SourceTitle "EXT 2022"]
[Source "ChessBase"]
[SourceDate "2021.10.06"]
[SourceVersion "1"]
[SourceVersionDate "2021.10.06"]
[SourceQuality "1"]

1. e4 Nc6 2. Nf3 d6 3. d4 Bg4 4. Bb5 Bd7 5. Nc3 a6 6. Ba4 b5 7. Bb3 Bg4 8. Bxf7+ Kd7 9. d5 Ne5 10. Nxe5+ dxe5 11. Qxg4+ Kd6 12. Qe6+ Kc5 13. Be3+ Kb4 14. a3+ 1-0

[Event "Sao Bernardo do Campo op"]
[Site "Sao Bernardo do Campo"]
[Date "2016.07.23"]
[Round "4"]
[White "Sanchez, Ivan Roberto"]
[Black "Ferreira de Souza, Ricardo"]
[Result "0-1"]
[WhiteElo "1696"]
[BlackElo "1402"]
[PlyCount "102"]
[EventDate "2016.07.22"]
[EventType "swiss"]
[EventRounds "6"]
[EventCountry "BRA"]
[SourceTitle "EXT 2017"]
[Source "ChessBase"]
[SourceDate "2016.10.25"]
[SourceVersion "1"]
[SourceVersionDate "2016.10.25"]
[SourceQuality "1"]

1. c4 e5 2. Nc3 f5 3. e3 Nf6 4. Nf3 Nc6 5. d4 e4 6. Nd2 Bb4 7. a3 Bxc3 8. bxc3 d6 9. Rb1 0-0 10. d5 Ne5 11. Be2 Nfg4 12. h4 Qf6 13. Bb2 c5 14. dxc6 bxc6 15. c5 dxc5 16. Bxg4 Nxg4 17. c4 Ne5 18. 0-0 Qd6 19. Qb3 Ba6 20. Bxe5 Qxe5 21. Qa4 Rad8 22. Qxa6 Rxd2 23. Qxa7 Qe6 24. Rb7 Qf6 25. Qxc5 f4 26. exf4 Qxf4 27. Qe3 Qd6 28. a4 Rd1 29. Qb3 Rd3 30. c5+ Rxb3 31. cxd6 Rxb7 32. Rd1 Rd7 33. Kf1 Rfd8 34. Ke2 Rxd6 35. Ra1 Ra8 36. Ke3 c5 37. Ra2 Rd4 38. a5 Ra6 39. Ra3 Kf7 40. Ra2 Ke6 41. g3 Kd6 42. f3 exf3 43. Kxf3 Kc6 44. Kg2 Kb5 45. Rb2+ Rb4 46. Rf2 Rxa5 47. Rf7 Rg4 48. Rb7+ Kc6 49. Rb3 c4 50. Rf3 Ra2+ 51. Kh3 h5 0-1